| 000 | 00440nam a22001577a 4500 | ||
|---|---|---|---|
| 008 | 250901b ||||| |||| 00| 0 spa d | ||
| 020 | _a978-987-580-331-2 | ||
| 040 |
_aAR-FvUNAJ _dAR-FvUNAJ _eaacr2 |
||
| 082 | 1 | 4 |
_214 _a158.1 |
| 100 | 2 |
_921877 _aOsho |
|
| 245 | 1 | 3 |
_aUn pájaro al viento : _bla sabiduría del zen / _cOsho. |
| 260 |
_aBuenos Aires : _bBooket, _c2011. |
||
| 300 | _a348 p. | ||
| 650 | 0 |
_99049 _aAUTOAYUDA |
|
| 942 |
_2ddc _cLIBRO |
||
| 999 |
_c11070 _d11070 |
||
| 980 |
_62 _aVirginia Figueroa _82 _gVirginia Figueroa |
||